000 01014cam a2200229 4500
001 WB4025-24
008 040630n2004 000 0 eng u
035 _a(Sirsi) u126640
245 _aAirport expansion plans criticised
260 _c2004
490 _aPlanning (for the Natural and Built Environment)
_v1575, 25 June 2004 6(1)
520 _aIn a report published last week, "Missed opportunity: summary critique of the Air Transport white paper", the Sustainable Development Commission criticised the DfT's aviation white paper. The report claims that there is a fundamental contradiction between the paper and the government's commitment to dealing with climate change. The report can be read at http://www.sd_commission.gov.uk/pubs/atwp/index.ht m.
590 _aWB
590 _aWB
650 _aAIRPORT DEVELOPMENT
650 _aEMISSIONS
650 _aGREENHOUSE GASES
650 _aCLIMATE CHANGE
650 _aEMISSIONS CHARGES
690 _aTRANSPORT AND COMMUNICATIONS
942 _n0
999 _c117615
_d117615